Statistiques concernant Régions de France avec une carte vide

Cliquez ici pour prendre le quiz!

Statistiques générales

  • Ce quiz a été pris 271 fois
    (72 depuis la dernière actualisation)
  • Le résultat moyen est 17 sur 18

Réponses sur la Carte

Les réponses sont colorées sur une échelle allant du rouge au vert en fonction du pourcentage des utilisateurs qui les ont devinées à leur premier essai. Vous pouvez retrouver ces pourcentages ci-dessous.
 

Statistiques - réponses

Région% Correct
Bretagne
98%
Grand Est
98%
Île-de-France
98%
Provence-Alpes-Côte d'Azur
98%
Hauts-de-France
95%
Normandie
95%
Centre-Val de Loire
92%
Corse
92%
Guadeloupe
92%
Guyane
92%
Mayotte
92%
La Réunion
89%
Martinique
89%
Occitanie
89%
Bourgogne-Franche-Comté
87%
Nouvelle-Aquitaine
87%
Pays de la Loire
87%
Auvergne-Rhône-Alpes
79%

Distribution des résultats

Percentile par nombre de réponses

% des personnes avec chaque résultat

Votre développement - résultats

Vous n’avez pas pris ce quiz depuis la dernière actualisation